[Event "Presov 2nd"]
[Site "Presov"]
[Date "2000.08.15"]
[Round "4"]
[White "Kalod, Radek"]
[Black "Shcherbakov, Ruslan"]
[Result "0-1"]
[WhiteElo "2483"]
[BlackElo "2558"]
[Annotator "Kaspi,A"]
[PlyCount "146"]
[EventDate "2000.08.12"]
[EventType "tourn"]
[EventRounds "9"]
[EventCountry "SVK"]
[EventCategory "10"]
[SourceTitle "CBM 079"]
[Source "ChessBase"]
[SourceDate "2000.11.21"]
[SourceVersion "1"]
[SourceVersionDate "2000.11.21"]
[SourceQuality "1"]

1. e4 {Tyomkin,D} c5 2. Nf3 Nc6 3. Bb5 e6 4. O-O Nge7 5. b3 a6 6. Bxc6 Nxc6 7.
Bb2 b5 8. a4 b4 9. d4 cxd4 10. Nxd4 Qf6 11. Ra2 Nxd4 12. Bxd4 Qg6 {Black has
got good position from the opening: pair of bishops and the mobile pawn
structure promises a good middlegame.} 13. Re1 $146 (13. Nd2 Bb7 14. f3 d5 (
14... Be7 $143 15. Nc4 {[%cal Rc4a5,Ra5b7]} O-O $6 (15... Rc8 $142 16. Qd3 d5
17. exd5 Bxd5 18. Qxg6 hxg6 19. Nb6 Rd8 20. Nxd5 Rxd5 21. Bxg7 Rh7 22. Bb2 Bc5+
23. Kh1 Rhh5 $44) 16. Be5 Bc6 17. Bd6 Qg5 18. Ra1 f5 19. f4 Qh4 20. g3 Qf6 21.
e5 Qf7 22. Bxe7 Qxe7 23. Qd6 Qxd6 24. Nxd6 Ra7 25. Rad1 Bd5 26. Rd4 $14 {
1/2-1/2 Zhang Zhong-Shariyazdanov,A/Medellin 1996/Juniors (58)}) 15. e5 Be7 16.
f4 O-O 17. Nf3 Rac8 18. Qd2 Rc7 19. Rf2 Rfc8 20. h3 h5 $15 {1/2-1/2 Gershon,
A-Kundin,A/Rishon Le Ziyyon 1995}) 13... Bb7 14. f3 d5 15. e5 a5 $5 {[%cal
Gb7a6] White intends to play c2-c3 and c3xb4, thats why black doesnt hurry up
to develop f8-bishop, preparing to take on b4 from f8.} (15... Be7 $15) 16. c3
(16. Qd2 Be7 17. c3 Ba6 18. cxb4 Bxb4 $15) 16... Ba6 17. Bb6 $6 (17. cxb4 Bxb4
18. Bc3 Bc5+ 19. Bd4 Be7 $15) 17... Bd3 18. c4 (18. Rb2 bxc3 19. Nxc3 Bb4 $17)
18... Ra6 $6 (18... dxc4 $142 19. bxc4 (19. Rd2 Be7) 19... Bxc4 20. Rd2 Be7 21.
Rd4 Bd5 $17) 19. Bf2 dxc4 20. bxc4 Bxb1 (20... Bxc4 $2 21. Rc2 Rc6 {[%tqu "En",
"","","","e1e4","",10]} 22. Re4 $3 Bb3 23. Rd4 Qg5 24. Rxc6 Bxd1 25. Rc8+ Ke7
26. f4 $1 Qf5 27. Rdc4 $18 {Paintful position: black has no way to save.}) 21.
Rd2 Be7 22. Qxb1 Qxb1 23. Rxb1 Rc6 {[%csl Rc4] After the castle of black,
c4-pawn will be captured, but some technic of black is still required.} 24.
Rbd1 O-O (24... Rxc4 $2 25. Rd7 Bg5 $140 26. f4 $1) 25. Rd7 Bc5 26. Rb7 Bxf2+
27. Kxf2 Rxc4 28. Rb5 g5 $1 {It is neccesary to cut off white e5-pawn, which
will be a weakness in the close future.} 29. Rxa5 Rb8 30. Rd2 b3 31. Rb2 Rbb4
32. Ke2 Kg7 33. Kd3 Rxa4 34. Rb5 Rab4 35. Rxb4 $2 (35. Rxb3 Rxb3+ 36. Rxb3 Rc5
37. Ke4 Rc2 38. g4 Rxh2 {Still its far from the draw,but probably it was
better chance for white.}) 35... Rxb4 36. Kc3 Rb5 37. Rxb3 Rxe5 38. Kd3 Re1 39.
Rb2 h5 40. Kd2 Rh1 41. h3 h4 42. Ke2 {[%mdl 4096] Classical endgame "4:3 on
the same side". This time it is winning for the strongest side.} e5 43. Kf2 f6
44. Ra2 Rb1 45. Rc2 Rb6 46. Ra2 Kf7 47. Rc2 Ke6 48. Rd2 Rc6 49. Kg1 $2 (49. Ra2
$142 Rb6 50. Ke3 Kf5 51. Rc2 $17) 49... Kf5 50. Kf2 Kf4 $19 51. Ra2 f5 {
The time to create passed pawn "e".} 52. Rb2 Rc4 53. Ra2 Rd4 54. Rb2 e4 55.
fxe4 fxe4 56. Rb5 Rd2+ (56... e3+ $142 57. Ke2 g4 $1 {Botvinnik} 58. Rb2 $1 (
58. hxg4 Rd2+ 59. Kf1 Rf2+ 60. Kg1 Kg3 $19) 58... Re4 $1 59. hxg4 Kxg4 60. Rb8
Kg3 61. Rf8 (61. Rg8+ Rg4 $19) 61... Kxg2 62. Rg8+ Kh3 (62... Kh2 63. Rg7 h3 $4
$11) 63. Rg7 Rg4 64. Rf7 Kg2 65. Kxe3 h3 66. Rf2+ Kg1 67. Ra2 h2 $19) 57. Kf1
Ke3 58. g4 $2 {Now everything is very simple.} (58. Rb3+ Rd3 59. Rb1 Kf4 60.
Rb5 Rd4 $19 {[%cal Re4e3,Rg5g4]}) 58... hxg3 59. Rxg5 Kf4 60. Rg8 Rf2+ 61. Kg1
e3 {This is a winning setup.} 62. Rf8+ Ke4 63. Re8+ Kd4 64. Rd8+ Kc5 65. Rc8+
Kd6 66. Rd8+ Ke7 67. Rd1 e2 68. Ra1 Kf6 69. h4 Kg6 70. Rb1 Kh5 71. Ra1 Kxh4 72.
Rb1 Kh3 73. Ra1 Rf1+ 0-1

[Event "Presov 2nd"]
[Site "Presov"]
[Date "2000.08.19"]
[Round "8"]
[White "Stocek, Jiri"]
[Black "Shcherbakov, Ruslan"]
[Result "1/2-1/2"]
[WhiteElo "2514"]
[BlackElo "2558"]
[Annotator "Kaspi,A"]
[PlyCount "49"]
[EventDate "2000.08.12"]
[EventType "tourn"]
[EventRounds "9"]
[EventCountry "SVK"]
[EventCategory "10"]
[SourceTitle "CBM 079"]
[Source "ChessBase"]
[SourceDate "2000.11.21"]
[SourceVersion "1"]
[SourceVersionDate "2000.11.21"]
[SourceQuality "1"]

1. e4 {Tyomkin,D} c5 2. Nf3 Nc6 3. Bb5 e6 4. O-O Nge7 5. c3 a6 6. Be2 d5 7.
exd5 Nxd5 8. d4 cxd4 9. Nxd4 Bd7 10. Bf3 Nde7 {Probably, the best setup for
black in this position.} (10... Nxd4 11. Qxd4 Bc6 12. Nd2 Qc7 13. Nc4 b5 (13...
Rd8 14. Rd1 f6 15. Qg4 Kf7 $14) 14. Qe5 O-O-O 15. Qxc7+ Kxc7 16. Ne5 Be8 17. c4
$14 {1-0 Timman,J-Shaked,T/Hoogeveen 1998}) 11. Re1 $146 {This novelty doesnt
bring white advantage as well.} (11. Be3 Qc7 12. Re1 Ng6 13. Nd2 Nce5 14. Be4
Bd6 15. f4 Nc6 16. Nxc6 Bxc6 17. g3 O-O 18. Qf3 Bxe4 19. Nxe4 Be7 20. Bd4 Rae8
{1/2-1/2 Saulin,D-Sherbakov,R/Smolensk RUS 2000/The Week in Chess 287 (20)})
11... Qc7 12. Na3 Ng6 13. Nc4 Nxd4 $6 {The beginning of the wrong idea. Black
could equalize by:} (13... Be7 $142 14. Be3 Nxd4 15. Qxd4 Rd8 $11 {[%csl Rc4]})
14. Qxd4 Bc5 $2 {Black decides to sac a pawn, and to castle to the opposite
side of white king, but white easily neutrolize blacks initiative.} (14... Rd8
15. Rd1 $14 {[%csl Rd6]}) 15. Qxg7 O-O-O (15... Bxf2+ $142 16. Kxf2 Qxc4 17.
Bg5 (17. Re4 $6 Qc7 18. Kg1 O-O-O 19. Bg5 Rdf8 20. Ree1 $11) 17... Qb5 (17...
Bc6 18. Bxc6+ Qxc6 19. Kg1 $14) 18. Qf6 h6 $5 (18... Qxb2+ $143 19. Kg1 Qb6+
20. Kh1 h6 21. Rab1 $16) 19. Bc1 $16 {[%csl Re8]}) 16. Be3 Nh4 17. Qf6 $1 (17.
Be4 Bxe3 (17... f5 $6 18. Qg3 Bxe3 19. Nxe3 Qxg3 20. hxg3 Ng6 21. Bc2 $16) 18.
Nxe3 Qf4 $1 19. Bxh7 Nf3+ 20. gxf3 Qh4 21. Rad1 Rxh7 22. Qg3 Rdh8 23. Qxh4 Rxh4
24. Nf1 Rg8+ 25. Ng3 Rgh8 26. Rd4 Rxh2 27. Kf1 $11) 17... Be7 (17... Nxf3+ 18.
Qxf3 Bb5 19. Bf4 $16) 18. Nb6+ Kb8 19. Nxd7+ (19. Qxe7 Nxf3+ 20. gxf3 Rhg8+ 21.
Kh1 Bc6 22. Qxc7+ Kxc7 23. h4 $18) 19... Qxd7 20. Qf4+ Qc7 21. Ba7+ (21. Qxc7+
Kxc7 22. Be4 $18) 21... Kc8 22. Qxf7 Nxf3+ 23. Qxf3 b6 24. Rxe6 Bd6 25. Qa8+
$18 {The drawing agreement is quite strange, because white is winning:} (25.
Qa8+ Kd7 26. Qd5 Kc8 27. g3 $1 Bxg3 (27... Rhe8 28. Rh6 $18) 28. Qa8+ Kd7 29.
Qe4 $18 Bxh2+ 30. Kf1 {[%cal Ga1d1]}) 1/2-1/2

[Event "Zlin"]
[Site "Zlin"]
[Date "1995.??.??"]
[Round "?"]
[White "Movsesian, Sergei"]
[Black "Kogan, Artur"]
[Result "1-0"]
[WhiteElo "2470"]
[BlackElo "2495"]
[Annotator "King,D"]
[PlyCount "85"]
[EventDate "1995.??.??"]
[EventType "tourn"]
[EventRounds "9"]
[EventCountry "CZE"]
[EventCategory "10"]
[SourceTitle "CBM 049"]
[Source "ChessBase"]
[SourceDate "1995.12.01"]
[SourceVersion "1"]
[SourceVersionDate "1995.12.01"]
[SourceQuality "1"]

1. e4 c5 2. Nf3 Nc6 3. Nc3 e6 4. Bb5 Nge7 5. O-O a6 6. Bxc6 Nxc6 7. d4 cxd4 8.
Nxd4 d6 9. Re1 Be7 10. Nxc6 bxc6 11. Qg4 Kf8 12. e5 d5 13. Ne2 c5 14. Ng3 h6
15. c4 g6 16. Rd1 Qc7 17. Bf4 d4 18. Re1 h5 19. Qe2 g5 20. Bd2 h4 21. Nh5 h3
22. Qg4 Qb7 23. Qxh3 Qxb2 24. Rad1 Bb7 25. Qg4 Qc2 26. Nf6 Bxf6 27. exf6 Qxc4
28. Re5 Qc2 29. Bxg5 Bd5 30. h4 Rb8 {A nice illustration of the attacking
chances offered with opposite coloured bishops. Black's king is in a perilous
situation.} 31. Rxd5 $1 exd5 32. Bf4 Qg6 (32... Rd8 33. Bd6+ $1 Rxd6 34. Qc8+)
33. Qxg6 fxg6 34. Bxb8 Kf7 35. Bd6 Rc8 36. Be7 c4 37. Rxd4 c3 38. Ba3 c2 39.
Bc1 Ke6 40. Rd2 Rc4 41. f7 Kxf7 42. Rxd5 Ke6 43. Rd2 1-0

[Event "POL-ch 57th"]
[Site "Plock"]
[Date "2000.05.30"]
[Round "3"]
[White "Hnydiuk, Aleksander"]
[Black "Markowski, Tomasz"]
[Result "0-1"]
[WhiteElo "2352"]
[BlackElo "2531"]
[Annotator "Konikowski,J"]
[PlyCount "102"]
[EventDate "2000.04.28"]
[EventType "tourn"]
[EventRounds "13"]
[EventCountry "POL"]
[EventCategory "10"]
[SourceTitle "CBM 078"]
[Source "ChessBase"]
[SourceDate "2000.10.18"]
[SourceVersion "1"]
[SourceVersionDate "2000.10.18"]
[SourceQuality "1"]

1. e4 c5 2. Nf3 Nc6 3. Nc3 g6 4. Bb5 Nd4 5. Nxd4 cxd4 6. Ne2 Bg7 7. c3 (7. O-O
Qa5 8. a4 a6 9. Bc4 Nf6 10. d3 d5 11. exd5 Nxd5 12. Nf4 Nc7 13. Re1 Qf5 14. Qd2
Bf6 15. Qb4 O-O 16. Qb6 Qd7 17. Bd2 Qd6 18. Qxd6 exd6 19. Ba5 Bd8 20. Bb6 g5
21. Ne2 $16 {Keitlinghaus,L-Reschke,S/Germany 1993/}) 7... a6 8. Bc4 dxc3 9.
dxc3 $146 (9. Nxc3 e6 10. d4 d6 11. O-O Ne7 12. Be2 O-O 13. Be3 b5 14. Qd2 Bb7
15. d5 e5 16. a4 b4 17. Nd1 a5 18. b3 f5 19. f3 f4 20. Bf2 g5 21. Nb2 h5 22.
Nc4 Nc8 23. Rfc1 $14 {Kazakov,P-Polovnikova,E/Omsk/Perm 1998/}) 9... d6 10. Be3
Nf6 11. e5 Ng4 12. exd6 Nxe3 13. fxe3 O-O 14. O-O exd6 15. Qb3 Qe7 16. e4 Bg4
17. Nf4 b5 18. Bd5 Rab8 19. Rae1 a5 20. a3 Bd7 21. Kh1 Rbe8 22. Re2 Kh8 23. Qc2
Qg5 24. Re3 Be5 25. Ref3 Qh6 26. h3 f5 27. Nd3 Bg7 28. Nf2 Qh4 29. Qd3 f4 30.
Qd1 Be5 31. Kg1 g5 32. Ng4 Bg7 33. Qe1 $2 (33. Nh2 $142 $5) 33... Qxe1 34. Rxe1
h5 35. Nf2 g4 36. Rd3 Be5 37. Rb1 Kg7 38. b3 Rc8 39. c4 b4 40. axb4 axb4 41.
Rd2 Rc7 42. Rc1 $2 (42. Nd3 $142 gxh3 43. gxh3 Bc3 (43... Bxh3 44. Nxb4 Bc3 45.
Rd3 f3 46. Rxc3 f2+ 47. Kh2 f1=Q 48. Rxf1 Bxf1 49. Nc6 $132) 44. Rg2+ Kh6 45.
Kh2 $17) 42... g3 $19 43. Nd1 f3 44. Rd3 f2+ 45. Kf1 Bxh3 $1 {[%mdl 512]} 46.
Ne3 (46. gxh3 g2+ $1 $19) 46... Bd7 47. Nf5+ Bxf5 48. exf5 Rxf5 49. Be4 Rf6 50.
Rd5 Rf4 51. Bf3 Re7 0-1

[Event "Noyabrsk"]
[Site "Noyabrsk"]
[Date "1995.??.??"]
[Round "6"]
[White "Landa, Konstantin"]
[Black "Fominyh, Alexander"]
[Result "0-1"]
[WhiteElo "2500"]
[BlackElo "2520"]
[Annotator "Kortschnoj,V"]
[PlyCount "72"]
[EventDate "1995.05.??"]
[EventType "tourn"]
[EventRounds "11"]
[EventCountry "RUS"]
[EventCategory "10"]
[SourceTitle "CBM 048"]
[Source "ChessBase"]
[SourceDate "1995.10.01"]
[SourceVersion "1"]
[SourceVersionDate "1995.10.01"]
[SourceQuality "1"]

1. e4 c5 2. Nf3 e6 3. Nc3 Nc6 4. Bb5 Na5 $5 (4... Nge7 5. O-O a6 6. Bxc6 Nxc6
7. d4 $14) 5. O-O a6 6. Be2 b5 7. d4 cxd4 8. Qxd4 Nc6 9. Qd3 Nge7 10. Bg5 f6
11. Bf4 Ng6 12. Bg3 Be7 13. Qd2 $6 (13. a4 b4 14. Nd1 Bb7 15. Ne3 $14) 13...
Qb6 14. Rfd1 Nce5 15. Nxe5 fxe5 16. Bh5 d6 17. Qe2 O-O 18. Bxg6 hxg6 19. a4 $6
(19. Qg4 $10) 19... Bd7 $15 (19... b4 $5) 20. axb5 (20. Bxe5 dxe5 21. Rxd7 Rxf2
22. a5 Qc6 23. Qxf2 Qxd7 $15) 20... axb5 21. Rxa8 Rxa8 22. Bxe5 $2 (22. Qg4 Qc6
23. Rc1 b4 24. Nd1 $15) 22... b4 23. Bd4 (23. Nb1 Bb5 $19) 23... Qc6 24. Nb1 e5
25. Be3 Qxe4 $17 26. f3 Qc6 27. c4 Ra2 28. Qc2 Qa4 29. Qc1 Qb3 30. Bf2 Qxb2 $19
31. Qe3 Ra1 32. Qe4 Bf5 33. Qd5+ Kh7 34. g4 Bxb1 35. Qf7 Ra2 36. Rf1 Bh4 0-1

[Event "Herzliya"]
[Site "Herzliya"]
[Date "1993.??.??"]
[Round "5"]
[White "Psakhis, Lev"]
[Black "Boensch, Uwe"]
[Result "0-1"]
[WhiteElo "2585"]
[BlackElo "2525"]
[Annotator "Kortschnoj,V"]
[PlyCount "68"]
[EventDate "1993.11.??"]
[EventType "tourn"]
[EventRounds "11"]
[EventCountry "ISR"]
[EventCategory "10"]
[SourceTitle "CBM 039"]
[Source "ChessBase"]
[SourceDate "1994.04.01"]
[SourceVersion "1"]
[SourceVersionDate "1994.04.01"]
[SourceQuality "1"]

1. e4 {Horvath,T} c5 2. Nf3 Nc6 3. Bb5 e6 4. Bxc6 (4. O-O {Horvath,T} Nge7 5.
Nc3 a6 $6 (5... Ng6 $5) (5... Nd4 $1) 6. Bxc6 Nxc6 7. d4 cxd4 8. Nxd4 d6 9. Re1
Be7 10. Nxc6 bxc6 11. Qg4 g6 (11... O-O $2 12. Bh6 Bf6 13. e5 $1 dxe5 14. Rad1
Qe7 15. Ne4 Kh8 16. Be3 $16) 12. Bh6 $14) 4... bxc6 5. b3 {5.0-0,5.e5!?} d5 6.
e5 (6. d3 $5 {Horvath,T} Ba6 7. c4) 6... Ba6 7. d3 $14 c4 $1 8. dxc4 dxc4 9.
Qxd8+ Rxd8 10. Be3 Rd7 11. Nbd2 Ne7 (11... Bb4 $5) 12. Nxc4 (12. Bc5 $5 $14)
12... Nd5 13. Nfd2 {? Horvath,T} (13. Nd6+ Bxd6 14. exd6 Nxe3 15. fxe3 Rxd6 16.
c4 c5 $10) (13. O-O {Horvath,T} Nxe3 14. fxe3 Bc5 15. Kf2 Ke7 16. Rfd1 Rhd8 17.
Rxd7+ Rxd7 18. Ke2 $14) 13... Bb4 14. a3 Bxd2+ (14... Bc3 15. O-O-O $16) 15.
Nxd2 (15. Kxd2 Bxc4 16. bxc4 Nf4+ 17. Kc3 Nxg2 18. Bd4 $13) 15... Nc3 {!
Horvath,T} 16. Nf3 $2 (16. f3 O-O 17. Kf2 Rfd8 18. Nc4 Nd1+ 19. Ke2) (16. Nc4
O-O 17. Bd2 Ne4 18. Be3 $10) 16... O-O 17. Bd4 (17. Bc5 Rfd8 18. Bd6 f6 19. Kd2
Ne4+ 20. Ke3 Nxd6 21. exd6 Rxd6 $17) 17... Ne2 18. Bc5 Nf4 $1 19. Nh4 Rfd8 20.
g3 {? Horvath,T} (20. Be3 $142 {Horvath,T}) (20. Bd6 {Horvath,T Boensch} f6 21.
g3 (21. O-O-O fxe5 22. Bxe5 Ne2+) 21... fxe5 22. Bxe5 Nh3 23. Bc3 c5 24. f4 e5
25. fxe5 Rf8 26. e6 Re8 $19) 20... Rd2 $1 (20... Ne2 21. c4 Nd4 22. Bxd4 Rxd4
23. O-O $14) 21. c4 $2 (21. gxf4 Re2+ 22. Kf1 Rxc2+ 23. Kg2 Rxc5 24. Rhd1 Bd3
$17) 21... Re2+ 22. Kf1 Ra2 $1 23. Re1 Nd3 24. Rd1 Rd7 25. Be3 (25. Bxa7 c5 $1
$17) 25... Rxa3 26. Nf3 Rxb3 27. Nd2 Nxe5 $19 28. Kg2 Rbd3 29. Rb1 f5 30. Nf3
Nxf3 31. Kxf3 Bxc4 32. Kf4 R3d5 33. Rb8+ Kf7 34. Ra1 a6 0-1

[Event "EU-Cup 22nd"]
[Site "Fuegen"]
[Date "2006.10.13"]
[Round "6.5"]
[White "Petrosian, Tigran L"]
[Black "Moiseenko, Alexander"]
[Result "0-1"]
[WhiteElo "2573"]
[BlackElo "2632"]
[Annotator "Krasenkow,M"]
[PlyCount "90"]
[EventDate "2006.10.08"]
[EventType "team-swiss"]
[EventRounds "7"]
[EventCountry "AUT"]
[SourceTitle "CBM 115"]
[Source "ChessBase"]
[SourceDate "2006.11.15"]
[SourceVersion "1"]
[SourceVersionDate "2006.11.15"]
[SourceQuality "1"]
[WhiteTeam "Yerevan"]
[BlackTeam "Ashdod"]
[WhiteTeamCountry "ARM"]
[BlackTeamCountry "ISR"]

1. e4 c5 2. Nf3 Nc6 3. Nc3 e5 4. Bc4 Be7 5. d3 Nf6 6. Ng5 O-O 7. f4 d6 8. O-O
Bg4 9. Qe1 exf4 10. Bxf4 Nd4 11. Qd2 Qd7 12. Be3 h6 13. Nf3 Nxf3+ 14. gxf3 Be6
15. Kh1 Kh7 16. Bxe6 fxe6 {About this line - see CBM 97, annotations to
Bologan-Radjabov.} (16... Qxe6 17. Rae1 Qh3 18. Qg2 Qxg2+ 19. Kxg2 a6 20. f4
$14 {1-0 Kramnik,V-Degraeve,J/Final Coupe de France, Senat FRA 2003 (30)}) 17.
Qg2 Qe8 (17... Rf7 18. Rg1 Raf8 19. Ne2 $1 d5 $2 (19... Ne8 $1 $11 {[%csl Yf4]
[%cal Gf7f3]}) 20. Nf4 g5 21. Ng6 $1 Nh5 $1 22. Nxf8+ Rxf8 23. Qh3 $18 {
1/2-1/2 Bologan,V-Radjabov,T/Dortmund 2003/CBM 097/[Erenburg] (36)}) 18. Rg1
$146 (18. Qh3 d5 19. Ne2 Bd6 20. Rf2 Qh5 21. Qxh5 {1/2-1/2 Gallagher,J-San
Segundo Carrillo,P/Plovdiv 2003/CBM 098}) 18... Qf7 19. Raf1 {[%cal Yf3f4]} (
19. f4 {is still premature due to} d5) 19... d5 20. Ne2 {[%cal Ye2f4,Yf3f4]
White has rearranged his pieces and is now ready to start a kingside attack.}
Rg8 {[%cal Yg7g5]} (20... Rad8 21. Qh3 Nh5 22. f4 dxe4 23. dxe4 g6 24. Ng3 $14)
21. Qh3 (21. f4 $5) 21... Nh5 22. f4 dxe4 23. f5 $6 (23. dxe4 {[%cal Yf4f5]} g6
24. Ng3 $14 {was more patient} ({or} 24. f5)) 23... exf5 24. Rxf5 $6 {And this
is a real inaccuracy.} (24. dxe4 {was still possible.}) 24... Nf6 25. Nf4 (25.
dxe4 Qe6 {is now favorable for Black.}) 25... exd3 26. cxd3 Rae8 {White has
just lost a pawn not creating any real threats.} 27. Nh5 $2 {The Armenian GM
had an opportunity to force a draw, which he should have taken:} (27. Rfg5 $1 {
[%cal Rh3f5]} Ne4 $1 28. Rf5 (28. dxe4 $2 Bxg5 29. Rxg5 Rxe4 $17) (28. Rg6 $2
Qxf4 $1) 28... Nf6 $11) 27... Bd8 28. Bf4 $2 (28. Bxc5 Qd7 {is not too
attractive for White but at least he would keep the material balance after} 29.
Qf3 ({or} 29. Rf3)) 28... Qd7 $19 29. Ng3 {The feast is over, the food is
coming back.} Qxd3 30. Qg2 Ne4 31. Nxe4 Qxe4 32. Qxe4 Rxe4 33. Be5 Bg5 34. Bc3
b6 35. Rf7 Re7 36. Rf5 Rd8 37. Rgf1 Rdd7 38. a4 Bd2 39. a5 Bxc3 40. bxc3 Re2
41. R1f2 Rd1+ 42. Kg2 Rdd2 43. Rxe2 Rxe2+ 44. Kf3 Rc2 45. Ke4 Rxc3 {A very
weak game for a namesake of the 9th World Champion! However, Black's problems
in this line are not solved yet.} 0-1

[Event "Vilnius Mikenas Memorial op"]
[Site "Vilnius"]
[Date "1997.??.??"]
[Round "6"]
[White "Yudasin, Leonid"]
[Black "Krasenkow, Michal"]
[Result "0-1"]
[WhiteElo "2600"]
[BlackElo "2615"]
[Annotator "Krasenkow,M"]
[PlyCount "60"]
[EventDate "1997.??.??"]
[EventType "swiss"]
[EventRounds "9"]
[EventCountry "LTU"]
[SourceTitle "EXT 1998"]
[Source "ChessBase"]
[SourceDate "1997.11.17"]
[SourceVersion "1"]
[SourceVersionDate "1997.11.17"]
[SourceQuality "1"]

1. e4 c5 2. Nf3 Nc6 3. Bb5 e6 4. O-O Nge7 5. Nc3 Nd4 6. Nxd4 cxd4 7. Ne2 a6 8.
Ba4 Nc6 9. d3 Bc5 (9... Be7 {-52/(162)}) 10. f4 d5 11. Ng3 dxe4 12. Qh5 $5 $146
(12. Nxe4 {1/2-1/2, Glek-Nunn, Germany 1996}) 12... Be7 (12... Ba7 13. Nxe4 {
|^>>}) 13. dxe4 g6 14. Qf3 b5 15. Bb3 h5 (15... Bb7 $5 16. f5 Ne5 17. Qf4 Qd6 (
17... g5 $2 18. Qxe5 Bf6 19. Qxf6 $1 Qxf6 20. fxe6 $18) 18. f6 (18. fxe6 fxe6
19. Bd2 g5 20. Qf2 O-O-O $17) (18. Bd2 exf5 19. exf5 g5 $13) 18... Bf8 19. a4
$13) 16. Bd2 Bb7 $6 (16... h4 17. Nh1 Bb7 $13) 17. f5 $1 Ne5 (17... gxf5 18.
exf5 (18. Nxf5 exf5 19. Qxf5 f6) 18... Na5 $2 19. Bxa5) 18. Qf4 f6 $8 (18... g5
$2 19. Qxe5 Bf6 20. Qxf6 $1 Qxf6 21. fxe6 $18) (18... Qd6 $2 19. fxg6 fxg6 20.
Bb4 $1 $18) 19. fxe6 $2 (19. Bxe6 $2 g5 20. Qf2 h4 21. Nh1 Qc7 $17) (19. fxg6
$1 Nxg6 20. Qf3 $13) 19... Qb6 20. Nh1 $6 (20. a4) 20... Nc4 $17 21. Bxc4 bxc4
22. Nf2 O-O-O $6 {xKc8} (22... Qxe6 $5 23. Qc7 $140 Qc6 $17 {_|_}) 23. c3 d3
24. b3 $1 {/\<=><->b} Qxe6 25. bxc4 f5 26. Rab1 fxe4 (26... Bd6 27. Qe3 Qe5 28.
Qh3 $13) 27. Qe3 Rd7 28. Rfe1 Rf8 29. Nxe4 $4 (29. Qa7 $132) 29... Bxe4 30. c5
(30. Qxe4 Bc5+ 31. Kh1 Rf1+ $19) (30. h3 Re8 $19) 30... Qg4 0-1